000 00594nam a2200145 a 4500
001 000038926
005 20201002031426.0
008 130506s2003 000 spa d
040 _aDO-SdBNP
_bspa
_cBNPHU
110 1 _aConsejo Nacional de Seguridad Social
_bDirección de Información y Defensa de los Afiliados
_965194
245 1 0 _aCosas que hay que saber sobre la seguridad social :
_binformación para empleadores y empleados sel sector público y privado.
250 _a2a. ed.
260 _aSanto Domingo :
_bConsejo Nacional de Seguridad Social,
_c2003.
300 _a49 p. :
_bil. ;
_c29 cm.
999 _c38416
_d38416